|
|
|
|
| LEADER |
00703nam a22001931a 4500 |
| 020 |
|
|
|a 9788176380461
|
| 082 |
|
|
|a M 320
|b VRM/R
|
| 100 |
|
|
|a V R Mehta
|9 80446
|
| 245 |
|
|
|a Rashtratantrathile pramukha sankalpanangal/
|c by V R Mehta
|
| 260 |
|
|
|a Thiruvananthapuram:
|b Kerala Bhasha Institute,
|c 1998.
|
| 300 |
|
|
|a 120p.
|
| 600 |
|
|
|a x
|9 80447
|
| 650 |
|
|
|a Political Science Theory
|9 80448
|
| 650 |
|
|
|a Political Science
|9 80449
|
| 650 |
|
|
|a Political Science
|9 80450
|
| 700 |
|
|
|a Benny George (tr.)
|9 80451
|
| 942 |
|
|
|c BK
|
| 999 |
|
|
|c 37508
|d 37508
|
| 952 |
|
|
|0 0
|1 0
|4 0
|6 M_320_000000000000000_VRM_R
|7 0
|9 54356
|a SSUS
|b SSUS
|c STACKS
|d 2015-01-08
|g 42.00
|l 2
|o M 320 VRM/R
|p 014421
|r 2019-02-01
|s 2019-01-28
|v 0.00
|w 2015-01-08
|y BK
|